[Event "7th EuropCh Men"]
[Site "Kusadasi / Turkey"]
[Date "2006.04.04"]
[Round "1"]
[Board "1"]
[White "Sedlak, Nikola"]
[Black "Guliev, Logman"]
[Result "0-1"]
[WhiteElo "2564"]
[BlackElo "2384"]
[PlyCount "86"]
[EventDate "2006.04.04"]
[EventRounds "11"]
[EventCountry "AUT"]

1.e4 c5 2.Nf3 Nc6 3.d4 cxd4 4.Nxd4 Nf6 5.Nc3 d6 6.Bg5 e6 7.Qd2 a6 8.O-O-O Bd7
9.f4 b5 10.Nxc6 Bxc6 11.Bd3 Be7 12.e5 dxe5 13.fxe5 Nd7 14.Bxe7 Qxe7 15.Be4 Qc5
16.b4 Qc4 17.Qd6 Rc8 18.Rd3 Nb6 19.Bxc6+ Qxc6 20.Rhd1 Qb7 21.Rd4 Nc4 22.Rxc4
bxc4 23.Ne4 a5 24.Nc5 Qe7 25.a3 axb4 26.axb4 h5 27.Kb2 Rd8 28.Qc6+ Kf8 29.Rd6
Kg8 30.Ne4 Kh7 31.Qxc4 Ra8 32.Qd3 g6 33.Qd4 Rhb8 34.Kb3 Kg7 35.Nc5 Qg5 36.Na6
Rc8 37.b5 Qxg2 38.c4 Qxh2 39.c5 Qe2 40.Kb4 h4 41.Qxh4 Qb2+ 42.Ka5 Qa3+ 43.Qa4
Qxc5

[Event "7th EuropCh Men"]
[Site "Kusadasi / Turkey"]
[Date "2006.04.04"]
[Round "1"]
[Board "1"]
[White "Erdogdu, Mert"]
[Black "Nyback, Tomi"]
[Result "1/2-1/2"]
[WhiteElo "2373"]
[BlackElo "2563"]
[PlyCount "80"]
[EventDate "2006.04.04"]
[EventRounds "11"]
[EventCountry "AUT"]

1.e4 d6 2.d4 Nf6 3.Nc3 g6 4.Bg5 Bg7 5.Qd2 h6 6.Bh4 g5 7.Bg3 Nh5 8.O-O-O e6
9.Nge2 Nd7 10.f3 Nxg3 11.hxg3 Nb6 12.g4 Bd7 13.Ng3 Rg8 14.Be2 Qe7 15.Nh5 Bh8
16.Qe3 O-O-O 17.g3 Kb8 18.f4 Rc8 19.e5 d5 20.Kb1 c5 21.Nf6 Bxf6 22.exf6 Qxf6
23.dxc5 Na4 24.Nxa4 Bxa4 25.Qd4 Qxd4 26.Rxd4 Bd7 27.b4 gxf4 28.gxf4 Rg6 29.c4
Bc6 30.b5 Bd7 31.cxd5 Rxc5 32.dxe6 Rxe6 33.Bc4 Rf6 34.g5 hxg5 35.fxg5 Bf5+
36.Kb2 Rg6 37.Rh7 Be6 38.Bxe6 Rxe6 39.a4 a6 40.bxa6 Rxa6

[Event "7th EuropCh Men"]
[Site "Kusadasi / Turkey"]
[Date "2006.04.04"]
[Round "1"]
[Board "1"]
[White "Palac, Mladen"]
[Black "Vuilleumier, Alex"]
[Result "1-0"]
[WhiteElo "2561"]
[BlackElo "2354"]
[PlyCount "109"]
[EventDate "2006.04.04"]
[EventRounds "11"]
[EventCountry "AUT"]

1.e4 e5 2.Nf3 Nc6 3.Bb5 a6 4.Ba4 Nf6 5.O-O Be7 6.Re1 b5 7.Bb3 O-O 8.a4 b4 9.d4
d6 10.dxe5 Nxe5 11.Nxe5 dxe5 12.Qf3 Qd4 13.Nd2 Be6 14.Bxe6 fxe6 15.Qe2 Bc5
16.Nf3 Qd6 17.Be3 Ng4 18.Rad1 Bxe3 19.Rxd6 Bxf2+ 20.Qxf2 Nxf2 21.Rxe6 Nh3+
22.gxh3 Rxf3 23.Rxe5 Rxh3 24.Rc5 Rd8 25.Re2 Rd7 26.e5 Rh6 27.e6 Re7 28.Rc6 a5
29.Ra6 Rg6+ 30.Kf2 Rf6+ 31.Kg3 h6 32.Re5 Kh7 33.b3 Kg6 34.Raxa5 Rfxe6 35.Rxe6+
Rxe6 36.Rc5 Kf6 37.Rxc7 g5 38.Rc4 Rb6 39.a5 Ra6 40.Rxb4 Rxa5 41.Rb6+ Kg7 42.Kg4
Rc5 43.c4 Re5 44.Kh5 Re3 45.Rg6+ Kf7 46.Rxh6 Rxb3 47.Kxg5 Rc3 48.Rh4 Rc2 49.Rf4+
Kg7 50.h4 Rc3 51.Kf5 Kf7 52.Ke5+ Ke7 53.Kd5 Kd7 54.Rf7+ Kc8 55.c5

[Event "7th EuropCh Men"]
[Site "Kusadasi / Turkey"]
[Date "2006.04.04"]
[Round "1"]
[Board "1"]
[White "Lanzani, Mario"]
[Black "Malakhatko, Vadim"]
[Result "0-1"]
[WhiteElo "2347"]
[BlackElo "2559"]
[PlyCount "43"]
[EventDate "2006.04.04"]
[EventRounds "11"]
[EventCountry "AUT"]

1.e4 e6 2.d4 d5 3.Nc3 Bb4 4.e5 c5 5.dxc5 Ne7 6.Nf3 Nd7 7.Bd3 Nc6 8.O-O Ndxe5
9.Nxe5 Nxe5 10.Bf4 Nxd3 11.Qxd3 Bxc3 12.bxc3 O-O 13.Bd6 Re8 14.c4 dxc4 15.Qxc4
Bd7 16.Rfe1 Bc6 17.Re3 b6 18.Qg4 bxc5 19.Rd1 Qf6 20.Bxc5 Rad8 21.h3 Rxd1+
22.Qxd1

[Event "7th EuropCh Men"]
[Site "Kusadasi / Turkey"]
[Date "2006.04.04"]
[Round "1"]
[Board "1"]
[White "Gagunashvili, Merab"]
[Black "Vehi Bach, Victor"]
[Result "1-0"]
[WhiteElo "2555"]
[BlackElo "2335"]
[PlyCount "49"]
[EventDate "2006.04.04"]
[EventRounds "11"]
[EventCountry "AUT"]

1.d4 Nf6 2.c4 e6 3.Nc3 Bb4 4.Qc2 O-O 5.Bg5 d6 6.e3 Nbd7 7.Bd3 h6 8.Bh4 c5 9.Nge2
d5 10.cxd5 exd5 11.O-O Qa5 12.dxc5 Qxc5 13.a3 Bxc3 14.Nxc3 b6 15.b4 Qc6 16.Rac1
Bb7 17.Nb5 Qxc2 18.Rxc2 Ba6 19.Rfc1 Bxb5 20.Bxb5 a5 21.Rc7 Ne5 22.Bg3 Ng6
23.R7c6 axb4 24.axb4 Ne4 25.Bc7

[Event "7th EuropCh Men"]
[Site "Kusadasi / Turkey"]
[Date "2006.04.04"]
[Round "1"]
[Board "1"]
[White "Erenburg, Sergey"]
[Black "Erturan, Yakup"]
[Result "1/2-1/2"]
[WhiteElo "2554"]
[BlackElo "2332"]
[PlyCount "105"]
[EventDate "2006.04.04"]
[EventRounds "11"]
[EventCountry "AUT"]

1.e4 e5 2.Nf3 Nc6 3.Bb5 Nf6 4.O-O Be7 5.Re1 d6 6.d4 exd4 7.Nxd4 Bd7 8.Nc3 O-O
9.Bf1 Nxd4 10.Qxd4 Be6 11.Bf4 Nh5 12.Be3 Bg5 13.Rad1 Bxe3 14.Qxe3 Nf6 15.e5 Ne8
16.exd6 Nxd6 17.Nb5 Qc8 18.Nxd6 cxd6 19.Bd3 Qc5 20.Be4 Rad8 21.a3 Qxe3 22.Rxe3
Rd7 23.Rd4 Rc8 24.f4 g6 25.Bd3 Rc5 26.Kf2 Bf5 27.b4 Rc6 28.Bxf5 gxf5 29.c4 Rdc7
30.Kf3 Rxc4 31.Rxd6 Rc3 32.b5 Kg7 33.a4 b6 34.h4 R7c4 35.a5 bxa5 36.h5 h6 37.Ra6
Rxe3+ 38.Kxe3 Rc5 39.Rxa5 Rd5 40.Rxa7 Rxb5 41.Rd7 Rb2 42.Rd2 Rb4 43.Rd3 Ra4
44.Rb3 Re4+ 45.Kf3 Ra4 46.g3 Kf6 47.Rb8 Kg7 48.Rb6 Ra3+ 49.Kg2 Ra2+ 50.Kf3 Ra3+
51.Kg2 Ra2+ 52.Kh3 Ra4 53.Rb5

[Event "7th EuropCh Men"]
[Site "Kusadasi / Turkey"]
[Date "2006.04.04"]
[Round "1"]
[Board "1"]
[White "Svetushkin, Dmitry"]
[Black "Aleskerov, Faik"]
[Result "1-0"]
[WhiteElo "2552"]
[BlackElo "2325"]
[PlyCount "44"]
[EventDate "2006.04.04"]
[EventRounds "11"]
[EventCountry "AUT"]

1.d4 c5 2.d5 e5 3.e4 d6 4.Nc3 Be7 5.Bb5+ Nd7 6.Nf3 Ngf6 7.a4 O-O 8.h3 Ne8 9.Bd3
Rb8 10.Qe2 Nc7 11.O-O b6 12.a5 Nf6 13.Nb5 Nxb5 14.Bxb5 a6 15.Bd3 b5 16.c4 b4
17.Nh2 Nd7 18.g3 Nf6 19.h4 Bh3 20.Re1 Qc8 21.Bd2 Bd8 22.Nf1 Ng4 {...52}

[Event "7th EuropCh Men"]
[Site "Kusadasi / Turkey"]
[Date "2006.04.04"]
[Round "1"]
[Board "1"]
[White "Soltanici, Ruslan"]
[Black "Kuzubov, Yuriy"]
[Result "1-0"]
[WhiteElo "2323"]
[BlackElo "2548"]
[PlyCount "65"]
[EventDate "2006.04.04"]
[EventRounds "11"]
[EventCountry "AUT"]

1.e4 c5 2.Nf3 Nc6 3.Nc3 g6 4.d4 cxd4 5.Nxd4 Bg7 6.Be3 Nf6 7.Bc4 O-O 8.Bb3 d6
9.h3 Bd7 10.O-O Qa5 11.f4 Qh5 12.Qd3 Rfc8 13.Rad1 a6 14.a4 Nb4 15.Qd2 Rc7 16.f5
Rac8 17.Nce2 a5 18.Nf4 Qh4 19.Nf3 Nxe4 20.Nxh4 Nxd2 21.Rxd2 g5 22.Nh5 gxh4
23.Nxg7 Kxg7 24.c3 Na6 25.f6+ exf6 26.Rxd6 Re8 27.Bd4 Be6 28.Bxf6+ Kg8 29.Bc2
Nc5 30.Rd4 Nd7 31.Bxh4 Nb6 32.Bd8 Rc6 33.Be4

[Event "7th EuropCh Men"]
[Site "Kusadasi / Turkey"]
[Date "2006.04.04"]
[Round "1"]
[Board "1"]
[White "Andersson, Ulf"]
[Black "Simeonidis, Ioannis"]
[Result "1-0"]
[WhiteElo "2545"]
[BlackElo "2307"]
[PlyCount "121"]
[EventDate "2006.04.04"]
[EventRounds "11"]
[EventCountry "AUT"]

1.Nf3 Nf6 2.c4 Nc6 3.d4 d6 4.Nc3 e5 5.dxe5 Nxe5 6.e3 Nxf3+ 7.Qxf3 g6 8.Bd3 Bg7
9.O-O O-O 10.h3 Nd7 11.Bd2 Ne5 12.Qe2 c6 13.Bc2 Be6 14.b3 f5 15.Rad1 Qf6 16.f4
Nf7 17.Na4 Rae8 18.Bc3 Qe7 19.Bxg7 Kxg7 20.Nc3 Bc8 21.Rfe1 Qf6 22.Qd2 Re7 23.Qd4
Rfe8 24.Qxf6+ Kxf6 25.Kf2 h6 26.Re2 g5 27.g3 gxf4 28.gxf4 a6 29.a4 a5 30.Ree1
Rg8 31.Ne2 Rd8 32.Rg1 Nh8 33.Rg2 Ng6 34.Rdg1 Rg8 35.Ng3 Ree8 36.Ne2 Ne7 37.Nd4
Rxg2+ 38.Rxg2 Rg8 39.Rxg8 Nxg8 40.h4 Ne7 41.Bd1 Bd7 42.Bh5 b6 43.Bf3 c5 44.Ne2
Bc6 45.Bxc6 Nxc6 46.Nc3 Nb4 47.h5 Ke6 48.Ke2 Kd7 49.Nd5 Nxd5 50.cxd5 Ke7 51.Kd2
Kd8 52.Kd3 Kd7 53.e4 fxe4+ 54.Kxe4 Ke7 55.Kd3 Kf6 56.Kc4 Kf5 57.Kb5 Kxf4 58.Kxb6
Ke4 59.Kxa5 Kxd5 60.Kb5 Kd4 61.a5

[Event "7th EuropCh Men"]
[Site "Kusadasi / Turkey"]
[Date "2006.04.04"]
[Round "1"]
[Board "1"]
[White "Galego, Luis"]
[Black "Logothetis, Sotirios"]
[Result "1-0"]
[WhiteElo "2543"]
[BlackElo "2298"]
[PlyCount "63"]
[EventDate "2006.04.04"]
[EventRounds "11"]
[EventCountry "AUT"]

1.e4 e6 2.d4 d5 3.exd5 exd5 4.Nf3 Bg4 5.h3 Bh5 6.Nc3 Bb4 7.Bd3 Ne7 8.O-O Nbc6
9.Be3 Qd7 10.a3 Bxc3 11.bxc3 Bg6 12.Rb1 Bxd3 13.Qxd3 b6 14.c4 dxc4 15.Qxc4 O-O
16.Rfd1 Na5 17.Qd3 Qf5 18.Qxf5 Nxf5 19.Bf4 Nd6 20.d5 Nac4 21.Rb3 Rfe8 22.g3 Rac8
23.Nd4 Kf8 24.a4 a6 25.Rc3 a5 26.Nb5 Nxb5 27.Rxc4 Nd6 28.Rxc7 Rxc7 29.Bxd6+ Ree7
30.Re1 b5 31.axb5 a4 32.b6

[Event "7th EuropCh Men"]
[Site "Kusadasi / Turkey"]
[Date "2006.04.04"]
[Round "1"]
[Board "1"]
[White "Kurmann, Oliver"]
[Black "Hulak, Krunoslav"]
[Result "0-1"]
[WhiteElo "2297"]
[BlackElo "2541"]
[PlyCount "82"]
[EventDate "2006.04.04"]
[EventRounds "11"]
[EventCountry "AUT"]

1.e4 c5 2.Nf3 e6 3.d4 cxd4 4.Nxd4 a6 5.Bd3 Bc5 6.Nb3 Ba7 7.Nc3 Nc6 8.Qg4 Nf6
9.Qg3 d6 10.Bg5 h6 11.Bd2 Nh5 12.Qh3 g6 13.g4 Nf6 14.f4 b5 15.g5 Nh5 16.f5 hxg5
17.fxg6 fxg6 18.e5 Nxe5 19.O-O-O Bd7 20.Ne4 Qc7 21.Bxg5 O-O 22.Rhf1 Nxd3+
23.Qxd3 Rf5 24.Rxf5 gxf5 25.Nxd6 Bc6 26.Qe2 Ng7 27.Bf6 Bd5 28.Rxd5 exd5 29.Qg2
Rf8 30.Qxd5+ Kh7 31.Be5 Qe7 32.a3 Qe6 33.Qxe6 Nxe6 34.Nd2 Kg6 35.Nf3 Bb8 36.Nb7
f4 37.Bxb8 Rxb8 38.Na5 Rc8 39.Nb7 Ng5 40.Ne5+ Kh5 41.Nd3 f3

[Event "7th EuropCh Men"]
[Site "Kusadasi / Turkey"]
[Date "2006.04.04"]
[Round "1"]
[Board "1"]
[White "Rogic, Davor"]
[Black "Yagiz, Yasin Emrah"]
[Result "1-0"]
[WhiteElo "2540"]
[BlackElo "2279"]
[PlyCount "115"]
[EventDate "2006.04.04"]
[EventRounds "11"]
[EventCountry "AUT"]

1.e4 c5 2.Nf3 e6 3.d4 cxd4 4.Nxd4 a6 5.c4 Nf6 6.Nc3 Bb4 7.Qd3 Nc6 8.Be2 Qc7
9.O-O O-O 10.Nxc6 dxc6 11.Rd1 e5 12.Bg5 Nd7 13.a3 Nc5 14.Qe3 Bxc3 15.bxc3 Ne6
16.Bh4 Nf4 17.Bf1 f6 18.f3 Be6 19.Bf2 Rfd8 20.Qb6 Qxb6 21.Bxb6 Rxd1 22.Rxd1 Re8
23.Bc5 Bc8 24.Bb6 Kf7 25.Kf2 Ne6 26.g3 Re7 27.Ke3 Nf8 28.Bc5 Rd7 29.Rb1 Ne6
30.Bb6 g6 31.Bh3 Re7 32.a4 Bd7 33.a5 Bc8 34.Rd1 Rd7 35.Rf1 Re7 36.Rb1 Re8 37.Bf1
Re7 38.h4 Ng7 39.Bc5 Rd7 40.f4 Ne6 41.Ba7 exf4+ 42.gxf4 Re7 43.Kf3 Ng7 44.Rb2 h5
45.Bb8 Bg4+ 46.Kf2 Rd7 47.c5 Be6 48.Ke3 f5 49.e5 Bd5 50.Bd3 Ne8 51.Bd6 Ng7
52.Rd2 Ne8 53.Bf1 Be4 54.Bc4+ Bd5 55.Rxd5 cxd5 56.Bxd5+ Kg7 57.Kd4 Nc7 58.e6

[Event "7th EuropCh Men"]
[Site "Kusadasi / Turkey"]
[Date "2006.04.04"]
[Round "1"]
[Board "1"]
[White "Turov, Maxim"]
[Black "Yeke, Serkan"]
[Result "1-0"]
[WhiteElo "2539"]
[BlackElo "2255"]
[PlyCount "67"]
[EventDate "2006.04.04"]
[EventRounds "11"]
[EventCountry "AUT"]

1.d4 Nf6 2.c4 e6 3.Nc3 Bb4 4.Qc2 O-O 5.a3 Bxc3+ 6.Qxc3 b6 7.Bg5 Bb7 8.e3 c5
9.dxc5 bxc5 10.f3 h6 11.Bh4 Nc6 12.O-O-O Rc8 13.Ne2 g5 14.Bg3 d5 15.h4 g4 16.h5
Qe7 17.Bh4 e5 18.Ng3 d4 19.Qc2 Qe6 20.Qf5 Kg7 21.Bd3 Rfe8 22.Bxf6+ Qxf6 23.Qh7+
Kf8 24.Ne4 Qg7 25.Nxc5 Qxh7 26.Bxh7 Kg7 27.Be4 Ba8 28.Rhe1 Na5 29.exd4 Bxe4
30.Rxe4 Nxc4 31.b3 f5 32.Re2 exd4 33.Ne6+ Kg8 34.bxc4

[Event "7th EuropCh Men"]
[Site "Kusadasi / Turkey"]
[Date "2006.04.04"]
[Round "1"]
[Board "1"]
[White "Makoli, Perparim"]
[Black "Chuchelov, Vladimir"]
[Result "0-1"]
[WhiteElo "2251"]
[BlackElo "2538"]
[PlyCount "72"]
[EventDate "2006.04.04"]
[EventRounds "11"]
[EventCountry "AUT"]

1.e4 c5 2.Nf3 e6 3.d4 cxd4 4.Nxd4 a6 5.Bd3 Nf6 6.O-O Qc7 7.Qe2 d6 8.Nc3 g6 9.Kh1
Bg7 10.f4 O-O 11.Be3 Nbd7 12.Rae1 b5 13.a3 Bb7 14.Nf3 Rac8 15.Bd4 e5 16.fxe5
dxe5 17.Be3 Nc5 18.Bg5 Nh5 19.g3 f5 20.Kg1 h6 21.Bc1 fxe4 22.Nxe4 Nxe4 23.Bxe4
Bxe4 24.Qxe4 Qxc2 25.Qg4 Kh7 26.Rf2 Qc6 27.Bd2 Qd5 28.Bb4 Rc4 29.Qxc4 bxc4
30.Bxf8 Bxf8 31.Rxe5 Qc6 32.Nd4 Qb6 33.Ne6 Bd6 34.Rd5 Ng7 35.Nxg7 Kxg7 36.Kf1 c3

[Event "7th EuropCh Men"]
[Site "Kusadasi / Turkey"]
[Date "2006.04.04"]
[Round "1"]
[Board "1"]
[White "Godena, Michele"]
[Black "Duman, Aydin"]
[Result "1-0"]
[WhiteElo "2537"]
[BlackElo "2214"]
[PlyCount "47"]
[EventDate "2006.04.04"]
[EventRounds "11"]
[EventCountry "AUT"]

1.e4 c5 2.Nf3 g6 3.c3 Bg7 4.Bc4 e6 5.d4 cxd4 6.Nxd4 a6 7.a4 b6 8.O-O Qc7 9.Na3
Nf6 10.Re1 d6 11.Nab5 axb5 12.Nxb5 Qd8 13.Nxd6+ Kf8 14.Qf3 Ra7 15.e5 Nd5 16.Bxd5
exd5 17.Bg5 Qd7 18.Rad1 Qg4 19.Nxc8 Qxc8 20.Rxd5 Nc6 21.Bf6 Qf5 22.Red1 Ra8
23.Qxf5 gxf5 24.Rd6

[Event "7th EuropCh Men"]
[Site "Kusadasi / Turkey"]
[Date "2006.04.04"]
[Round "1"]
[Board "1"]
[White "Almond, Richard"]
[Black "Dgebuadze, Alexandre"]
[Result "0-1"]
[WhiteElo "2093"]
[BlackElo "2535"]
[PlyCount "124"]
[EventDate "2006.04.04"]
[EventRounds "11"]
[EventCountry "AUT"]

1.d4 e6 2.c4 Nf6 3.Nc3 Bb4 4.Qc2 O-O 5.a3 Bxc3+ 6.Qxc3 b6 7.Bg5 Ba6 8.e3 d6
9.Nf3 Nbd7 10.Bd3 h6 11.Bh4 Rc8 12.O-O Bb7 13.Rad1 Qe8 14.Qc2 g5 15.Bg3 Nh5
16.Nd2 f5 17.f3 Nxg3 18.hxg3 Qf7 19.Nb3 a5 20.Nc1 g4 21.f4 Nf6 22.b4 axb4
23.axb4 Be4 24.Ne2 Bxd3 25.Rxd3 Ne4 26.Ra1 h5 27.Qc1 h4 28.Qe1 Qg6 29.Rda3 h3
30.Nc3 Nf6 31.Qf2 Kg7 32.Ra7 Rh8 33.Rb7 Qh7 34.Raa7 Kg6 35.Qc2 Ra8 36.e4 Rxa7
37.Rxa7 fxe4 38.d5 exd5 39.cxd5 hxg2 40.Qxg2 Qe7 41.b5 Re8 42.Qc2 Qh7 43.Qe2 Re7
44.Ra2 Qh5 45.Ra8 Qh3 46.Qg2 e3 47.Ra2 Qh5 48.Qe2 Kg7 49.Ra8 Qh3 50.Qe1 Kf7
51.Rc8 Qh7 52.Qe2 Kg7 53.Ra8 Qh3 54.Qe1 Qh5 55.Qe2 Qg6 56.Rc8 Nh5 57.Kg2 Kf7
58.Rh8 Ng7 59.Kg1 Qf6 60.Qd3 Nf5 61.Kg2 Qg6 62.Qc4 e2

[Event "7th EuropCh Men"]
[Site "Kusadasi / Turkey"]
[Date "2006.04.04"]
[Round "1"]
[Board "1"]
[White "Arutinian, David"]
[Black "De Lange, Hans"]
[Result "1-0"]
[WhiteElo "2532"]
[BlackElo "1901"]
[PlyCount "83"]
[EventDate "2006.04.04"]
[EventRounds "11"]
[EventCountry "AUT"]

1.d4 Nf6 2.c4 g6 3.Nc3 Bg7 4.e4 d6 5.Nf3 O-O 6.h3 e5 7.d5 Na6 8.Bg5 Qe8 9.Be2
Nh5 10.g3 f5 11.exf5 gxf5 12.Nh4 Nf6 13.Qc2 Nc5 14.Be3 Nce4 15.Nxe4 Nxe4 16.Bd3
Nxg3 17.fxg3 e4 18.Be2 Qe5 19.Bf4 Qxb2 20.Qxb2 Bxb2 21.Rb1 Bc3+ 22.Kf2 Bf6
23.Ng2 b6 24.Ne3 Bd7 25.Kg2 a5 26.Bh6 Rf7 27.Rhf1 Bd4 28.Bh5 Rf6 29.Bg5 Rff8
30.Rbe1 Kg7 31.Be7 Rg8 32.Nxf5+ Bxf5 33.Rxf5 e3 34.Rf4 Be5 35.Rf7+ Kh6 36.Bg4
Kg6 37.Rf5 Rae8 38.Rg5+ Kf7 39.Be6+ Kxe7 40.Rxg8 Rxg8 41.Bxg8 h6 42.Rxe3

[Event "7th EuropCh Men"]
[Site "Kusadasi / Turkey"]
[Date "2006.04.05"]
[Round "2"]
[White "Izoria, Zviad"]
[Black "Gagunashvili, Merab"]
[Result "1-0"]
[WhiteElo "2647"]
[BlackElo "2555"]
[PlyCount "101"]
[EventDate "2006.04.04"]
[EventRounds "11"]
[EventCountry "AUT"]

1. e4 c5 2. Nf3 e6 3. d4 cxd4 4. Nxd4 Nc6 5. Nc3 Qc7 6. Be3 Nf6 7. f4 Bb4 8.
Ndb5 Qa5 9. e5 a6 10. Nd6+ Bxd6 11. Qxd6 Ne4 12. Qd3 Nxc3 13. Bd2 Nxe5 14. Qd4
Ng6 15. Bxc3 Qf5 16. Qxg7 Qxf4 17. Be2 Rf8 18. Rf1 Qe4 19. Qxh7 e5 20. O-O-O
Qxe2 21. Rfe1 Qb5 22. Bxe5 Nxe5 23. Qh5 d6 24. Rxd6 Ke7 25. a4 Qc4 26. Qxe5+
Be6 27. b3 Qc8 28. Re3 Rg8 29. Rc3 Qxc3 30. Rxe6+ fxe6 31. Qxc3 Rxg2 32. Qb4+
Kf6 33. Qxb7 Rgg8 34. a5 e5 35. Qf3+ Ke6 36. h4 Rgf8 37. Qg4+ Kd6 38. h5 Rae8
39. Qb4+ Ke6 40. Qc4+ Kf5 41. Qxa6 e4 42. Qg6+ Kf4 43. Kd2 Kf3 44. Ke1 e3 45.
a6 e2 46. a7 Ke3 47. Qg1+ Kf4 48. b4 Rf5 49. Qf2+ Kg5 50. a8=Q Rxa8 51. Qg2+
1-0

[Event "7th EuropCh Men"]
[Site "Kusadasi / Turkey"]
[Date "2006.04.05"]
[Round "2"]
[White "Bartel, Mateusz"]
[Black "Jobava, Baadur"]
[Result "1/2-1/2"]
[WhiteElo "2554"]
[BlackElo "2646"]
[PlyCount "99"]
[EventDate "2006.04.04"]
[EventRounds "11"]
[EventCountry "AUT"]

1. e4 c5 2. Nf3 d6 3. d4 cxd4 4. Nxd4 Nf6 5. Nc3 a6 6. Be3 Ng4 7. Bg5 Nc6 8. h3
Qa5 9. Qd2 Nxd4 10. Qxd4 Nf6 11. f4 e5 12. Qd2 Be7 13. f5 Bd7 14. h4 Rc8 15.
Bd3 Bc6 16. O-O-O b5 17. Bxf6 Bxf6 18. Kb1 b4 19. Ne2 d5 20. Ng3 Ke7 21. Qe2
Rhd8 22. Nh5 Kf8 23. Nxf6 gxf6 24. g4 Bb5 25. g5 dxe4 26. Bxb5 Qxb5 27. Qxe4
Rxd1+ 28. Rxd1 Qc4 29. Qxc4 Rxc4 30. gxf6 Ke8 31. Rd5 Rxh4 32. Rxe5+ Kd8 33.
Kc1 Rh6 34. Re4 Rxf6 35. Rxb4 h5 36. Rf4 Rh6 37. Kd2 h4 38. Rf2 Ke7 39. Ke3 Rc6
40. Kd4 Kf6 41. c4 Rc8 42. c5 h3 43. Rh2 Rh8 44. Ke4 Re8+ 45. Kf4 Rb8 46. b3
Rb4+ 47. Kf3 Kxf5 48. Rxh3 Ke5 49. Rh8 a5 50. Ra8 1/2-1/2

[Event "7th EuropCh Men"]
[Site "Kusadasi / Turkey"]
[Date "2006.04.05"]
[Round "2"]
[White "Andersson, Ulf"]
[Black "Atalik, Suat"]
[Result "1/2-1/2"]
[WhiteElo "2545"]
[BlackElo "2627"]
[PlyCount "70"]
[EventDate "2006.04.04"]
[EventRounds "11"]
[EventCountry "AUT"]

1. Nf3 d5 2. d4 Nf6 3. c4 e6 4. Nc3 c6 5. cxd5 exd5 6. Bg5 Be7 7. Qc2 g6 8. e3
Bf5 9. Bd3 Bxd3 10. Qxd3 Nbd7 11. O-O O-O 12. Rab1 a5 13. Qc2 Re8 14. a3 Nb6
15. Na4 Nxa4 16. Qxa4 Ne4 17. Bxe7 Rxe7 18. Qc2 a4 19. Nd2 Nxd2 20. Qxd2 Qa5
21. Qc3 Qxc3 22. bxc3 b5 23. Rfe1 f5 24. Kf1 Rf8 25. Ke2 Kf7 26. Kd3 Ke6 27. h4
Kd6 28. g3 h6 29. Rh1 Rfe8 30. Rbe1 Rc8 31. Rb1 Ke6 32. Rb2 Kd6 33. Rbb1 Rce8
34. Rbe1 Rc8 35. Rb1 Rce8 1/2-1/2

[Event "7th EuropCh Men"]
[Site "Kusadasi / Turkey"]
[Date "2006.04.05"]
[Round "2"]
[White "Kozul, Zdenko"]
[Black "Galego, Luis"]
[Result "1/2-1/2"]
[WhiteElo "2606"]
[BlackElo "2543"]
[PlyCount "54"]
[EventDate "2006.04.04"]
[EventRounds "11"]
[EventCountry "AUT"]

1. d4 Nf6 2. Nf3 e6 3. c4 Bb4+ 4. Nbd2 d5 5. Qa4+ Nc6 6. a3 Bxd2+ 7. Bxd2 O-O
8. Bg5 h6 9. Bxf6 Qxf6 10. e3 Rd8 11. Rc1 Qe7 12. cxd5 exd5 13. Bb5 Nb8 14. Bd3
c6 15. O-O Nd7 16. Bb1 Nf6 17. Ne5 Ng4 18. Qc2 g6 19. Qc3 Qh4 20. h3 Nxe5 21.
dxe5 d4 22. exd4 Qxd4 23. Qxd4 Rxd4 24. Rfd1 Rxd1+ 25. Rxd1 Be6 26. Rd6 g5 27.
Kh2 a5 1/2-1/2

[Event "7th EuropCh Men"]
[Site "Kusadasi / Turkey"]
[Date "2006.04.05"]
[Round "2"]
[White "Kacheishvili, Giorgi"]
[Black "Rogic, Davor"]
[Result "1-0"]
[WhiteElo "2605"]
[BlackElo "2540"]
[PlyCount "41"]
[EventDate "2006.04.04"]
[EventRounds "11"]
[EventCountry "AUT"]

1. d4 d5 2. c4 c6 3. Nf3 Nf6 4. Nc3 dxc4 5. a4 Bf5 6. Ne5 e6 7. f3 c5 8. e4 Bg6
9. d5 exd5 10. Nxg6 hxg6 11. e5 Nh5 12. Nxd5 Na6 13. Be3 Ng3 14. Bxc4 Be7 15.
Qb3 Nxh1 16. O-O-O Rxh2 17. Qxb7 Rb8 18. Nf6+ gxf6 19. Rxd8+ Kxd8 20. Qd5+ Kc7
21. Qxf7 1-0

[Event "7th EuropCh Men"]
[Site "Kusadasi / Turkey"]
[Date "2006.04.05"]
[Round "2"]
[White "Hulak, Krunoslav"]
[Black "Inarkiev, Ernesto"]
[Result "0-1"]
[WhiteElo "2541"]
[BlackElo "2598"]
[PlyCount "82"]
[EventDate "2006.04.04"]
[EventRounds "11"]
[EventCountry "AUT"]

1. g3 d5 2. Bg2 e5 3. d3 Nf6 4. Nf3 Bd6 5. O-O O-O 6. Nc3 Re8 7. Bg5 c6 8. e4
d4 9. Ne2 c5 10. Nh4 Bf8 11. Nf5 h6 12. Bd2 Nc6 13. h3 Kh7 14. g4 g6 15. Nfg3
Nd7 16. f4 exf4 17. Nxf4 Nde5 18. Nd5 Bg7 19. Qc1 f6 20. Rf2 Rf8 21. Qf1 Qd6
22. Ne2 Bd7 23. Nef4 b5 24. c3 Rf7 25. cxd4 cxd4 26. Rc1 b4 27. Be1 Rb8 28. Kh1
a5 29. Rd2 h5 30. gxh5 g5 31. Ne2 f5 32. h4 Qh6 33. Bf2 f4 34. Nxd4 f3 35. Nxc6
Nxc6 36. Be3 Qxh5 37. Bxg5 fxg2+ 38. Qxg2 Bg4 39. Kg1 Bd4+ 40. Be3 Bf3 41. Bxd4
Bxg2 0-1

[Event "7th EuropCh Men"]
[Site "Kusadasi / Turkey"]
[Date "2006.04.05"]
[Round "2"]
[White "Berg, Emanuel"]
[Black "Miroshnichenko, Evgenij"]
[Result "1/2-1/2"]
[WhiteElo "2539"]
[BlackElo "2597"]
[PlyCount "118"]
[EventDate "2006.04.04"]
[EventRounds "11"]
[EventCountry "AUT"]

1. e4 c5 2. Nf3 d6 3. d4 cxd4 4. Nxd4 Nf6 5. Nc3 Nc6 6. Bg5 e6 7. Qd2 Be7 8.
O-O-O Nxd4 9. Qxd4 O-O 10. Qd2 Qa5 11. Kb1 b6 12. f3 Bb7 13. h4 Rfd8 14. Bd3 h6
15. g4 Rac8 16. Qh2 hxg5 17. hxg5 Kf8 18. gxf6 Bxf6 19. Nb5 Ke7 20. c3 Ba6 21.
Nxd6 Rxd6 22. Bxa6 Rxd1+ 23. Rxd1 Qxa6 24. e5 Bg5 25. f4 Qa4 26. Rd4 Qb5 27.
fxg5 Rxc3 28. a4 Qf1+ 29. Ka2 Rd3 30. Rxd3 Qxd3 31. Qf4 Ke8 32. Ka1 Kf8 33. g6
Qxg6 34. Qf3 Kg8 35. Qa8+ Kh7 36. Qh1+ Kg8 37. Qa8+ Kh7 38. Qh1+ Qh6 39. Qe4+
g6 40. Qb7 Qf4 41. Qxa7 Kh6 42. Ka2 Qxg4 43. Ka3 Qf3+ 44. b3 g5 45. Qxb6 g4 46.
a5 g3 47. Qd4 g2 48. a6 Qg3 49. Qg1 Qxe5 50. Qxg2 Qa5+ 51. Kb2 Qxa6 52. Qh2+
Kg7 53. Qe5+ Kf8 54. b4 Ke7 55. Qc7+ Ke8 56. Qb8+ Kd7 57. b5 Qd6 58. Qa7+ Kc8
59. Qxf7 Qb4+ 1/2-1/2

[Event "7th EuropCh Men"]
[Site "Kusadasi / Turkey"]
[Date "2006.04.05"]
[Round "2"]
[White "Azarov, Sergei"]
[Black "Godena, Michele"]
[Result "1/2-1/2"]
[WhiteElo "2592"]
[BlackElo "2537"]
[PlyCount "82"]
[EventDate "2006.04.04"]
[EventRounds "11"]
[EventCountry "AUT"]

1. e4 e5 2. Nf3 Nc6 3. Bb5 a6 4. Ba4 Nf6 5. O-O b5 6. Bb3 Bc5 7. c3 d6 8. d4
Bb6 9. h3 Bb7 10. Re1 O-O 11. Bg5 h6 12. Bh4 Re8 13. d5 Nb8 14. c4 Nbd7 15. Nc3
g5 16. Bg3 Nh5 17. Bh2 Ndf6 18. Nd2 Bc8 19. cxb5 axb5 20. Nxb5 g4 21. Nc4 Bc5
22. Ne3 gxh3 23. g3 Bd7 24. Bc4 Kh8 25. a4 Rg8 26. Rc1 Ng4 27. Nxg4 Bxg4 28.
Qd2 Qf6 29. b4 Nxg3 30. Bxg3 h2+ 31. Kxh2 Rg5 32. Bf1 Rh5+ 33. Kg1 Qf3 34. Bg2
Qxg3 35. bxc5 Qh2+ 36. Kf1 Rg8 37. Re3 Qxg2+ 38. Kxg2 Bh3+ 39. Kf3 Bg4+ 40. Kg2
Bh3+ 41. Kf3 Bg4+ 1/2-1/2

[Event "7th EuropCh Men"]
[Site "Kusadasi / Turkey"]
[Date "2006.04.05"]
[Round "2"]
[White "Nijboer, Friso"]
[Black "Mamedov, Rauf"]
[Result "1/2-1/2"]
[WhiteElo "2584"]
[BlackElo "2529"]
[PlyCount "68"]
[EventDate "2006.04.04"]
[EventRounds "11"]
[EventCountry "AUT"]

1. e4 c5 2. Nf3 Nc6 3. c3 d6 4. h3 Nf6 5. Bd3 g6 6. O-O Bg7 7. Bc2 O-O 8. d4
cxd4 9. cxd4 e5 10. d5 Ne7 11. Na3 h6 12. Nc4 Ne8 13. a4 f5 14. Nfd2 Nf6 15. b3
f4 16. Ba3 Ne8 17. Bd3 g5 18. Be2 Ng6 19. Rc1 Rf6 20. Bg4 Bf8 21. Bxc8 Rxc8 22.
Nf3 Rf7 23. Nh2 Rcc7 24. Nd2 Rxc1 25. Bxc1 Nf6 26. Ng4 Ne8 27. Nh2 Nf6 28. Ba3
h5 29. Qe2 Rc7 30. Rc1 Rxc1+ 31. Bxc1 Qd7 32. Qb5 Qc8 33. Qc4 Qd7 34. Qb5 Qc8
1/2-1/2